[Event "BAGDAD I"]
[Site "SchemingMind.com"]
[Date "2022.04.06"]
[Round "-"]
[White "Transcendent"]
[Black "JAHI"]
[Result "1/2-1/2"]
[WhiteCountry "ENG"]
[BlackCountry "INT"]
[WhiteElo "1997"]
[WhiteRD "86"]
[BlackElo "2171"]
[BlackRD "69"]
[GameID "722349"]

1. d4 d6 2. c4 g6 3. g3 Bg7 4. Bg2 Kf8 5. Nc3 h6 6. Nf3 h5 7. h3 e6 8. O-O h4 9. Nxh4 Rxh4 10. gxh4 Qxh4
11. Nb5 Na6 12. Be3 e5 13. Kh2 Nf6= 14. Qd2 Ng4+ 15. Kg1 Nxe3 16. fxe3 Bxh3 17. Qe1 Qg5 18. Qf2 Kg8 19. Qxf7+ Kh7 20. Qf3 Bf5
21. e4 Bd7 22. Rf2 Rf8 23. Qd3=
1/2-1/2

[Event "BAGDAD I"]
[Site "SchemingMind.com"]
[Date "2022.04.06"]
[Round "-"]
[White "JAHI"]
[Black "Transcendent"]
[Result "1-0"]
[WhiteCountry "INT"]
[BlackCountry "ENG"]
[WhiteElo "2205"]
[WhiteRD "67"]
[BlackElo "2119"]
[BlackRD "74"]
[GameID "722350"]

1. c3 d5 2. g3 e5 3. Bg2 Be6 4. Kf1 Nf6 5. d3 Bd6 6. Bg5 Nbd7 7. Nd2 O-O 8. e3 c6 9. Ne2 h6 10. Bxf6 Nxf6
11. Qc2 Rc8 12. Re1 Re8 13. h3 b5 14. Kg1 Qd7 15. Rh2 a5 16. Kh1 Bb8 17. Rg1 a4 18. a3 c5 19. f3 Ba7 20. f4 e4
21. d4 b4 22. axb4 cxd4 23. exd4 e3 24. Nf3 Bf5 25. Qc1 Ne4 26. Re1 Nf2+ 27. Kg1 Nd3 28. Qa1 Nxe1 29. Nxe1 g5 30. fxg5 hxg5
31. h4 g4 32. Qd1 Qb5 33. h5 Bb8 34. h6 Kh7 35. Bf1 Be4 36. Bg2 Rc6 37. Bxe4+ Rxe4 38. Qd3 Qxd3 39. Nxd3 Rxh6 40. Nc5 Rxh2
41. Kxh2 Re7 42. Nxa4 Re6 43. Nc5 Rh6+ 44. Kg2 Rf6 45. Nd3 Ra6 46. b5 Ra1 47. b3 Ra2 48. Kf1 Ra1+ 49. Kg2 Rb1 50. Nec1 Kg6
51. b6 Kf5 52. Kf1 Bxg3 53. Ke2 Kg5 54. c4 dxc4 55. bxc4 Rxb6 56. Kxe3 Re6+ 57. Kd2 Bf4+ 58. Nxf4 Kxf4 59. d5
1-0

[Event "BAGDAD I"]
[Site "SchemingMind.com"]
[Date "2022.04.06"]
[Round "-"]
[White "Transcendent"]
[Black "Daniel Dubé"]
[Result "1-0"]
[WhiteCountry "ENG"]
[BlackCountry "CAN"]
[WhiteElo "1945"]
[WhiteRD "93"]
[BlackElo "1492"]
[BlackRD "60"]
[GameID "722351"]

1. d4 e6 2. e4 d5 3. Nc3 Nf6 4. Bg5 Bb4 5. e5 h6 6. Bd2 Bxc3 7. bxc3 Ne4 8. Bd3 Nxd2 9. Qxd2 c5 10. Nf3 c4
11. Be2 Qa5 12. h4
1-0

[Event "BAGDAD I"]
[Site "SchemingMind.com"]
[Date "2022.04.06"]
[Round "-"]
[White "Daniel Dubé"]
[Black "Transcendent"]
[Result "0-1"]
[WhiteCountry "CAN"]
[BlackCountry "ENG"]
[WhiteElo "1491"]
[WhiteRD "68"]
[BlackElo "1997"]
[BlackRD "86"]
[GameID "722352"]

1. e4 e6 2. d3 d5 3. Nd2 Nf6 4. Ngf3 c5 5. g3 Nc6 6. Bg2 Be7 7. O-O O-O 8. Re1 b5 9. exd5 exd5 10. a4 b4
11. b3 Re8 12. Bb2 Be6
0-1

[Event "BAGDAD I"]
[Site "SchemingMind.com"]
[Date "2022.04.06"]
[Round "-"]
[White "Transcendent"]
[Black "geekknight"]
[Result "1/2-1/2"]
[WhiteCountry "ENG"]
[BlackCountry "NED"]
[WhiteElo "2178"]
[WhiteRD "68"]
[BlackElo "2001"]
[BlackRD "102"]
[GameID "722353"]

1. d4 d5 2. c4 c6 3. Nf3 Nf6 4. e3 Bf5 5. Nc3 e6 6. Bd3 Bxd3 7. Qxd3 dxc4 8. Qxc4 Be7 9. O-O O-O 10. Rd1 Nbd7
11. b3 Rc8 12. Qe2 Nd5 13. Bb2 Qa5 14. Rac1 Ba3 15. Ne4 N7f6 16. Bxa3 Qxa3 17. Nxf6+ Nxf6 18. Rc4 a6 19. Qc2= Rfd8 20. b4 b5
21. Rxc6 Rxc6 22. Qxc6 Nd5 23. Ne5 Qxb4 24. Qxa6 Nc3 25. Rf1 Qd6 26. Qb7 Rf8 27. h4 f6 28. Nf3 b4 29. Nd2 Rb8 30. Qa7 Ne2+=
1/2-1/2

[Event "BAGDAD I"]
[Site "SchemingMind.com"]
[Date "2022.04.06"]
[Round "-"]
[White "geekknight"]
[Black "Transcendent"]
[Result "0-1"]
[WhiteCountry "NED"]
[BlackCountry "ENG"]
[WhiteElo "2001"]
[WhiteRD "102"]
[BlackElo "2178"]
[BlackRD "68"]
[GameID "722354"]

1. c4 c6 2. e4 d5 3. exd5 cxd5 4. d4 Nf6 5. Nc3 Nc6 6. Bg5 e6 7. Nf3 Bb4 8. cxd5 exd5 9. Bd3 O-O 10. O-O Bxc3
11. bxc3 h6 12. Bh4 Re8 13. Re1 g5 14. Bg3 Rxe1+ 15. Qxe1 Nh5= 16. Rb1 Nxg3 17. hxg3 b6 18. Ne5 Nxe5= 19. Qxe5 Be6 20. Bf5 Bxf5
21. Qxf5 Rc8 22. Qf3 Qc7 23. Rb3 Qc4 24. Ra3 a5 25. Rb3 Rc6 26. Kh2 Re6 27. Rb2 Re1 28. Qf6 Qf1 29. g4 Qh1+ 30. Kg3 Qh4+
31. Kf3 Re4 32. g3 Qh1#
0-1

[Event "BAGDAD I"]
[Site "SchemingMind.com"]
[Date "2022.04.06"]
[Round "-"]
[White "Transcendent"]
[Black "ModernMonkey"]
[Result "1/2-1/2"]
[WhiteCountry "ENG"]
[BlackCountry "ENG"]
[WhiteElo "2106"]
[WhiteRD "80"]
[BlackElo "2198"]
[BlackRD "107"]
[GameID "722355"]

1. d4 Nf6 2. c4 c5 3. d5 b5 4. cxb5 a6 5. bxa6 g6 6. Nc3 Bxa6 7. e4 Bxf1 8. Kxf1 d6 9. Nf3 Nbd7 10. g3 Bg7
11. Kg2 O-O 12. a4 Ra6 13. Qc2 Qa8 14. Ra3 Rc8 15. Rd1 Ne8 16. Bf4 Nb6 17. b3 Nc7 18. Bg5 h6 19. Be3 Nd7 20. h4 Qb7
21. Nd2 Rb8 22. Nc4 Ra7 23. f4 Nb6 24. Qd3= Nxc4 25. bxc4 Qb2+ 26. Ne2 Qb4 27. Bd2 Qb2 28. f5 Rab7 29. Bc1 Qb1 30. Nf4= Qxd3
31. Rdxd3= Rb1 32. Bd2= Na6 33. fxg6 R8b2 34. gxf7+ Kxf7 35. Ne6 Bd4 36. Nxd4 cxd4 37. Rxd4 Nc5 38. a5 Kg6 39. a6 Nb3 40. Rxb3 Rxb3
41. Bf4 R3b2+ 42. Kf3 Rf1+ 43. Ke3 Re1+ 44. Kf3 Rf1+ 45. Ke3 Re1+ 46. Kf3 Rf1+=
1/2-1/2

[Event "BAGDAD I"]
[Site "SchemingMind.com"]
[Date "2022.04.06"]
[Round "-"]
[White "ModernMonkey"]
[Black "Transcendent"]
[Result "1-0"]
[WhiteCountry "ENG"]
[BlackCountry "ENG"]
[WhiteElo "2198"]
[WhiteRD "107"]
[BlackElo "2106"]
[BlackRD "80"]
[GameID "722356"]

1. d4 d5 2. c4 c6 3. Nf3 Nf6 4. Nc3 dxc4 5. a4 Bf5 6. Ne5 Nbd7 7. Nxc4 Nb6 8. Ne5 a5 9. g3 e6 10. Bg2 Bb4
11. O-O O-O 12. e3 Nfd7 13. e4 Bg6 14. Nxg6 hxg6 15. Qc2 Nf6 16. Rd1 Rc8 17. Bf4 Re8 18. Bf3 Nh5 19. Be3 Nc4 20. Bc1 Qe7
21. Qe2 Nb6 22. Na2 Nf6 23. Nxb4 axb4 24. e5 Nfd5 25. Kg2 Ra8 26. a5 Nd7 27. Bd2 Ra6 28. Qc4 Nf8 29. Bxd5 exd5 30. Qxb4 Ne6
31. Qxe7 Rxe7 32. h4 Re8 33. Be3 b6 34. b4 Rb8 35. Ra3 bxa5 36. bxa5 Rb5 37. Rda1 c5 38. dxc5 d4 39. Bd2 Nxc5 40. Rd1 Ne6
41. f4 f6 42. exf6 gxf6 43. Raa1 f5 44. Rdb1 Rxb1 45. Rxb1 Kf7 46. Rb7+ Ke8 47. Bb4 Rc6 48. Re7+ Kd8 49. Kf3 Nc7 50. h5 gxh5
51. Re5 Na6 52. Be1 Rc5 53. Re6
1-0

[Event "BAGDAD I"]
[Site "SchemingMind.com"]
[Date "2022.04.04"]
[Round "-"]
[White "krzysztof"]
[Black "JAHI"]
[Result "0-1"]
[WhiteCountry "POL"]
[BlackCountry "INT"]
[WhiteElo "1515"]
[WhiteRD "87"]
[BlackElo "2127"]
[BlackRD "66"]
[GameID "722357"]

1. d4 c6 2. Nc3 g6 3. e4 Bg7 4. e5 d6 5. exd6 exd6 6. d5 Kf8 7. dxc6 bxc6 8. Nf3 Bg4 9. h3 Bxf3 10. Qxf3 d5
11. Bd3 Nd7 12. Bd2 Ne5 13. Qg3 Nxd3+ 14. cxd3 Ne7 15. O-O Kg8 16. Rae1 Nf5 17. Qg4 h6 18. Bf4 Qf8 19. Be5 Re8 20. Bxg7 Kxg7
21. Ne2 Qc5 22. Nf4 Qd4 23. Rxe8 Rxe8 24. Nh5+ Kf8 25. Qxd4 Nxd4 26. Ng3 Nc2 27. Rc1 Re1+ 28. Rxe1 Nxe1 29. d4 Nd3 30. Ne2 Nxb2
31. f3 Nd3 32. Nc3 a6 33. Kf1 f6 34. g3 Nb2 35. Ke2 Ke7 36. h4 Kd6 37. g4 c5 38. dxc5+ Kxc5 39. Kd2 Nc4+ 40. Kd3 Ne5+
41. Ke2 h5 42. gxh5 gxh5 43. f4 Ng6 44. Na4+ Kd6 45. Ke3 Nxh4 46. Nc3 Nf5+ 47. Kf3 Nd4+ 48. Kg3 Ne6 49. Ne2 d4 50. f5 d3
51. Nc3 Nd4 52. Ne4+ Ke5 53. Nc5 d2 54. Nd3+ Kxf5 55. Nf2 Ne2+ 56. Kf3 Nc3 57. Ke3 d1=Q 58. Nxd1 Nxd1+ 59. Kd2 h4 60. Kxd1 h3
0-1

[Event "BAGDAD I"]
[Site "SchemingMind.com"]
[Date "2022.04.04"]
[Round "-"]
[White "JAHI"]
[Black "krzysztof"]
[Result "1-0"]
[WhiteCountry "INT"]
[BlackCountry "POL"]
[WhiteElo "2156"]
[WhiteRD "66"]
[BlackElo "1502"]
[BlackRD "84"]
[GameID "722358"]

1. c3 e6 2. c4 c5 3. Nc3 a6 4. g3 Nc6 5. Bg2 Nf6 6. d3 d5 7. Bg5 h6 8. Bxf6 Qxf6 9. cxd5 exd5 10. Bxd5 Be6
11. Qb3 Rb8 12. Bxc6+ bxc6 13. Qxb8+ Qd8 14. Qxd8+ Kxd8 15. Nf3 Be7 16. Kd2 Kc7 17. Rhd1 c4 18. Nd4 Bc5 19. Nxe6+ fxe6 20. Ne4 Ba7
21. dxc4 Rf8 22. Ke1 e5 23. Rac1 Bd4 24. b3 g5 25. e3 Bb6 26. Rd6 Bd4 27. exd4 exd4 28. Rxd4 Rf3 29. Rcd1 Kb6 30. c5+ Kb5
31. Ra4 a5 32. Rd8 Ka6 33. Ra8+ Kb7 34. R4xa5 Rd3 35. R5a7#
1-0

[Event "BAGDAD I"]
[Site "SchemingMind.com"]
[Date "2022.04.05"]
[Round "-"]
[White "krzysztof"]
[Black "Daniel Dubé"]
[Result "1-0"]
[WhiteCountry "POL"]
[BlackCountry "CAN"]
[WhiteElo "1534"]
[WhiteRD "86"]
[BlackElo "1492"]
[BlackRD "60"]
[GameID "722359"]

1. d3 d6 2. h3 e5 3. Nc3 f5 4. e4 Nf6 5. exf5 Bxf5 6. Nf3 Nc6 7. Bg5 Be7 8. Be2 O-O 9. Nh4 Be6 10. Bf3 Qe8
11. Ne4 Nxe4 12. dxe4 Bxg5 13. Nf5 Bxf5 14. exf5 Rxf5 15. c3 e4 16. Bg4 Rf8 17. Qd5+ Kh8 18. Qxg5 Ne5 19. O-O-O Nd3+ 20. Rxd3 exd3
21. Qd2 Qa4 22. a3 Qc4 23. Kb1 a5 24. Rd1 b5 25. Qxd3 Qb3 26. Bf5
1-0

[Event "BAGDAD I"]
[Site "SchemingMind.com"]
[Date "2022.04.05"]
[Round "-"]
[White "Daniel Dubé"]
[Black "krzysztof"]
[Result "0-1"]
[WhiteCountry "CAN"]
[BlackCountry "POL"]
[WhiteElo "1492"]
[WhiteRD "60"]
[BlackElo "1534"]
[BlackRD "86"]
[GameID "722360"]

1. d4 d5 2. c4 c6 3. Nf3 dxc4 4. g3 Bg4 5. Bg2 Nf6 6. O-O e6 7. Ne5 Bd6 8. Nxg4 Nxg4 9. e4 h5 10. h4 Nd7
11. e5 Be7 12. Na3 b5 13. b3 Qb6 14. bxc4 a6 15. c5 Qb7 16. Rb1 Rd8 17. Nc2 Ndxe5 18. Bf4 Ng6 19. Ne3 Bxc5 20. Nxg4 hxg4
21. Bg5 Rxd4 22. Qe2 Be7 23. Bxe7 Nxe7 24. Rfd1 Rxd1+ 25. Rxd1 f5
0-1

[Event "BAGDAD I"]
[Site "SchemingMind.com"]
[Date "2022.04.04"]
[Round "-"]
[White "krzysztof"]
[Black "geekknight"]
[Result "0-1"]
[WhiteCountry "POL"]
[BlackCountry "NED"]
[WhiteElo "1502"]
[WhiteRD "84"]
[BlackElo "1943"]
[BlackRD "86"]
[GameID "722361"]

1. d3 d5 2. Nf3 Nf6 3. h3 Bf5 4. Bf4 h6 5. Nc3 c6 6. e4 dxe4 7. dxe4 Qxd1+ 8. Rxd1 Nxe4 9. Nxe4 Bxe4 10. Bd3 Bxf3
11. gxf3 Nd7 12. Bf5 e6 13. Bd3 Bc5 14. Be3 O-O-O 15. c3 Bxe3 16. fxe3 Ne5 17. Be2 Rxd1+ 18. Bxd1 Nd3+ 19. Ke2 Nxb2 20. Bb3 Rd8
21. c4 Nd3 22. Rd1 Nc5 23. Rxd8+ Kxd8 24. Bc2 Ke7 25. e4 e5 26. Ke3 g5 27. Kf2 Ne6 28. a4 a5 29. Bd1 Kd6 30. Ke3 Kc5
31. Kd3 Nf4+ 32. Ke3 Kxc4 33. Kf2 h5 34. Kg3 f6 35. Kf2 b5 36. axb5 cxb5 37. Kg3 a4 38. h4 Kd3 39. hxg5 fxg5 40. Kf2 Kd2
41. Bxa4 bxa4 42. Kg3 a3
0-1

[Event "BAGDAD I"]
[Site "SchemingMind.com"]
[Date "2022.04.04"]
[Round "-"]
[White "geekknight"]
[Black "krzysztof"]
[Result "1-0"]
[WhiteCountry "NED"]
[BlackCountry "POL"]
[WhiteElo "1943"]
[WhiteRD "86"]
[BlackElo "1502"]
[BlackRD "84"]
[GameID "722362"]

1. c4 c6 2. e4 e6 3. d4 Na6 4. Nc3 Bb4 5. Bd3 Nf6 6. Bd2 d5 7. cxd5 cxd5 8. Qa4+ Nd7 9. e5 O-O 10. Nf3 Nb6
11. Qc2 g6 12. h4 f5 13. Bg5 Bxc3+ 14. bxc3 Qe8 15. Qd2 Nc4 16. Bxc4 dxc4 17. h5 Nc7 18. Bf6 Nd5 19. hxg6 Qxg6 20. Bg5 f4
21. Kf1 b6 22. Rh6 Qe8 23. Qc2 Rf5 24. Bf6 Nxf6 25. exf6 e5 26. Nxe5 Kh8 27. Re1 Be6 28. Ng6+ Kg8 29. Ne7+ Kh8 30. Nxf5 Qf7
31. Ng7 Qg6 32. Qxg6 Bg8 33. f7 Rf8 34. Re8 f3 35. Qxh7+ Bxh7 36. Rxf8+ Kxg7 37. Rxh7+ Kxf8 38. g4 b5 39. Ke1 a5 40. a3 b4
41. axb4 axb4 42. cxb4 c3 43. Kd1 c2+ 44. Kxc2 Ke7 45. g5 Kf8 46. g6 Ke7 47. Rh8 Kf6 48. f8=Q+ Kg5 49. g7 Kg6 50. g8=R#
1-0

[Event "BAGDAD I"]
[Site "SchemingMind.com"]
[Date "2022.04.04"]
[Round "-"]
[White "krzysztof"]
[Black "ModernMonkey"]
[Result "0-1"]
[WhiteCountry "POL"]
[BlackCountry "ENG"]
[WhiteElo "1513"]
[WhiteRD "80"]
[BlackElo "2130"]
[BlackRD "100"]
[GameID "722363"]

1. d3 d5 2. Bf4 Nf6 3. h3 g6 4. Be5 Bg7 5. d4 O-O 6. g4 c5 7. dxc5 Qa5+ 8. c3 Qxc5 9. e3 Nc6 10. Bd4 Qd6
11. f4 e5 12. fxe5 Nxe5 13. Nf3 Nc6 14. Qe2 Nxd4 15. Nxd4 Ne4 16. Qh2 Be5 17. Qg2 Bg3+ 18. Ke2 f5 19. Nd2 Nxd2 20. Kxd2 fxg4
21. hxg4 Rf2+ 22. Kd3 Qa6+ 23. c4 Qxc4#
0-1

[Event "BAGDAD I"]
[Site "SchemingMind.com"]
[Date "2022.04.04"]
[Round "-"]
[White "ModernMonkey"]
[Black "krzysztof"]
[Result "1-0"]
[WhiteCountry "ENG"]
[BlackCountry "POL"]
[WhiteElo "2147"]
[WhiteRD "101"]
[BlackElo "1502"]
[BlackRD "84"]
[GameID "722364"]

1. d4 d5 2. c4 dxc4 3. Nf3 e6 4. e3 b5 5. a4 b4 6. Bxc4 Ba6 7. Bxa6 Nxa6 8. Nbd2 c5 9. O-O Bd6 10. Qe2 Nc7
11. Rd1 Nf6 12. dxc5 Bxc5 13. Nb3 Qe7 14. e4 h6 15. Bf4 O-O 16. Nxc5 Rac8 17. Bd6 Qe8 18. Ne5 Kh8 19. Bxf8 Qxf8 20. Rac1 Rd8
21. Rxd8 Qxd8 22. Nxf7+ Kg8 23. Nxd8 Nfe8 24. Ncxe6 Nxe6 25. Qc4 Nc7 26. Nxe6 Nxe6 27. Qxe6+ Kh7 28. Qf5+ g6 29. Qf7+ Kh8 30. Rc8#
1-0

[Event "BAGDAD I"]
[Site "SchemingMind.com"]
[Date "2022.04.05"]
[Round "-"]
[White "JAHI"]
[Black "Daniel Dubé"]
[Result "1-0"]
[WhiteCountry "INT"]
[BlackCountry "CAN"]
[WhiteElo "2145"]
[WhiteRD "68"]
[BlackElo "1492"]
[BlackRD "60"]
[GameID "722365"]

1. c3 e5 2. c4 Nf6 3. Nc3 Bb4 4. a3 Bxc3 5. dxc3 d5 6. Bg5 c6 7. cxd5 Qxd5 8. Bxf6 gxf6 9. Qxd5 cxd5 10. g3 Nc6
11. Bg2 Be6 12. Kf1 e4 13. e3= Ke7 14. Ne2 Ne5 15. Nf4 Nd3 16. Nxd3 exd3 17. Rd1 Bf5 18. Bxd5 Rab8 19. Kg2 Rhd8 20. e4 Be6
21. Rxd3 Bxd5 22. exd5 Kd6 23. Rhd1 Rbc8 24. h3 b5 25. Rf3 Ke7 26. Rf5
1-0

[Event "BAGDAD I"]
[Site "SchemingMind.com"]
[Date "2022.04.05"]
[Round "-"]
[White "Daniel Dubé"]
[Black "JAHI"]
[Result "0-1"]
[WhiteCountry "CAN"]
[BlackCountry "INT"]
[WhiteElo "1492"]
[WhiteRD "60"]
[BlackElo "2145"]
[BlackRD "68"]
[GameID "722366"]

1. d4 d6 2. e4 g6 3. Nc3 Bg7 4. Be3 Kf8 5. f4 b6 6. Bd3 Bb7 7. Nf3 Nd7 8. O-O e6 9. Qe2 Ne7 10. Kh1 Kg8
11. Rad1 Qf8 12. e5 d5 13. g4 f6= 14. exf6 Bxf6 15. f5 exf5 16. gxf5 Re8 17. fxg6 hxg6 18. Rg1 Bg7 19. Bxg6 Nxg6 20. Rxg6 Re7
21. Rdg1 Rh3 22. Ng5 Rhxe3 23. Qh5 Nf6 24. Qh4 Ba6
0-1

[Event "BAGDAD I"]
[Site "SchemingMind.com"]
[Date "2022.04.05"]
[Round "-"]
[White "JAHI"]
[Black "geekknight"]
[Result "1-0"]
[WhiteCountry "INT"]
[BlackCountry "NED"]
[WhiteElo "2127"]
[WhiteRD "66"]
[BlackElo "1934"]
[BlackRD "90"]
[GameID "722367"]

1. c3 c5 2. c4 e6 3. Nc3 d5 4. b3 Nf6 5. Qc2 Nc6 6. Bb2 Be7 7. Rc1 O-O 8. g3 d4 9. Ne4 b6 10. Bg2 Bb7
11. Kf1 Kh8 12. d3 Qc7 13. Nxf6 Bxf6 14. h3 Rae8 15. h4 e5 16. Nh3 Kg8 17. Rh2 Ne7 18. Bxb7 Qxb7 19. Kg1 Nf5 20. Re1 e4
21. dxe4 Rxe4 22. Qd3 Rfe8 23. f3 R4e5 24. f4 Re4 25. Nf2 Nd6 26. Nxe4 Rxe4 27. Bc1 h5 28. Qf3 g6 29. g4 hxg4 30. Qxg4 d3
31. h5 g5 32. Bd2 Qe7 33. Kh1 Kh8 34. Rg2 a6 35. Qf3 gxf4 36. Bxf4 Nf5 37. Reg1 dxe2 38. Rg8+ Kh7 39. Qg4 e1=Q 40. Qxf5#
1-0

[Event "BAGDAD I"]
[Site "SchemingMind.com"]
[Date "2022.04.04"]
[Round "-"]
[White "geekknight"]
[Black "JAHI"]
[Result "0-1"]
[WhiteCountry "NED"]
[BlackCountry "INT"]
[WhiteElo "1943"]
[WhiteRD "86"]
[BlackElo "2156"]
[BlackRD "66"]
[GameID "722368"]

1. c4 d6 2. g3 h6 3. Bg2 h5 4. h4 g6 5. Nc3 Bg7 6. e4 Kf8 7. Nge2 Nh6 8. d3 Kg8 9. f3 b6 10. Be3 Bb7
11. Qd2 Nd7 12. Rc1 Qf8 13. b3 Re8 14. Nb5 c6 15. Nbc3 e6 16. d4 Qe7 17. O-O Rh7 18. Nf4 Kh8 19. Nh3 f6 20. Nf4 Nf8
21. d5 exd5 22. cxd5 c5 23. Rfe1 Nf7 24. Nd3 g5 25. hxg5 fxg5 26. a4 Ng6 27. Nb5 h4 28. Nxa7 hxg3 29. b4 Rh2 30. bxc5 Nh4
31. Re2 Rxg2+
0-1

[Event "BAGDAD I"]
[Site "SchemingMind.com"]
[Date "2022.04.04"]
[Round "-"]
[White "JAHI"]
[Black "ModernMonkey"]
[Result "0-1"]
[WhiteCountry "INT"]
[BlackCountry "ENG"]
[WhiteElo "2157"]
[WhiteRD "69"]
[BlackElo "2198"]
[BlackRD "94"]
[GameID "722369"]

1. c3 Nf6 2. c4 e5 3. Nc3 Bb4 4. a3 Bxc3 5. dxc3 d6 6. Bg5 h6 7. Bxf6 Qxf6 8. g3 Be6 9. Bg2 Nd7 10. b3 a5
11. Bxb7 Rb8 12. Be4 a4 13. b4 Bxc4 14. Kf1 Nb6 15. Kg2 O-O 16. Nf3 d5 17. Bb1 Qe6 18. Bd3 f5 19. Bxc4 Nxc4 20. Qxa4 f4
21. Qd1 Rf7 22. a4 Rbf8 23. Rf1 e4 24. Nd4 Qg6 25. Qe1 Qh5 26. a5 f3+ 27. exf3 exf3+ 28. Nxf3 Qxf3+ 29. Kg1 Nd6 30. Qe3 Rf6
31. Rfd1 Qxe3 32. fxe3 c6 33. Rf1 Rxf1+ 34. Rxf1 Rxf1+ 35. Kxf1 Nb5 36. a6 Kf7 37. Ke1 Ke6 38. Kd2 Kd6 39. Kd3 Kc7 40. a7 Nxa7
41. e4 Kd6 42. h3 Ke5 43. exd5 Kxd5 44. c4+ Ke5 45. Ke3 g5 46. Kd3 h5 47. Ke3 g4 48. hxg4 hxg4 49. Kd3 Nc8 50. Ke3 Nd6
51. Kd3 Ne4 52. b5 cxb5 53. cxb5 Nxg3 54. b6 Ne4 55. Ke3 Nc5 56. Kd2 Kf4 57. Kc3 g3 58. Kb4 Nd7 59. b7 g2 60. Kc4 Ke4
61. Kb4 Kd4 62. Kb5 g1=Q 63. Kc6 Qg7 64. Kb5 Qe7 65. b8=Q Nxb8 66. Kb6 Kc4 67. Ka5 Qb4#
0-1

[Event "BAGDAD I"]
[Site "SchemingMind.com"]
[Date "2022.04.04"]
[Round "-"]
[White "ModernMonkey"]
[Black "JAHI"]
[Result "1/2-1/2"]
[WhiteCountry "ENG"]
[BlackCountry "INT"]
[WhiteElo "2152"]
[WhiteRD "103"]
[BlackElo "2171"]
[BlackRD "69"]
[GameID "722370"]

1. d4 d6 2. e4 g6 3. Nc3 Bg7 4. Be3 Kf8 5. h3 b6 6. Nf3 Bb7 7. Bc4 e6 8. Qd2 Nd7 9. O-O Ne7 10. Rfe1 Kg8
11. b3 a6 12. a4 Qf8 13. Rad1 h6 14. b4 Rh7 15. b5 a5 16. Qe2 Re8 17. Bc1 Kh8 18. Qe3 g5 19. Ne2 Ng6 20. Ng3 Qe7
21. Nh5 Rg8 22. e5 dxe5 23. dxe5 Bxf3 24. Qxf3 Ndxe5 25. Qe4 Nxc4 26. Qxc4 Rc8 27. Re3 Qe8 28. Ba3 Kg8 29. f4 gxf4 30. Nxf4 Nxf4
31. Qxf4 Bf8 32. Rg3+ Rg7 33. Rdd3 Rg6 34. Bb2 Qe7 35. Be5 Bg7 36. Rc3 Bxe5 37. Qxe5 Kh7 38. Rxg6 fxg6 39. Rc6 Qg7 40. Qxg7+ Kxg7
41. Rxe6=
1/2-1/2

[Event "BAGDAD I"]
[Site "SchemingMind.com"]
[Date "2022.04.05"]
[Round "-"]
[White "Daniel Dubé"]
[Black "geekknight"]
[Result "0-1"]
[WhiteCountry "CAN"]
[BlackCountry "NED"]
[WhiteElo "1637"]
[WhiteRD "54"]
[BlackElo "1943"]
[BlackRD "86"]
[GameID "722371"]

1. d4 d5 2. c4 c6 3. Nf3 Nf6 4. g3 Bg4 5. Bg2 e6 6. Ne5 Bf5 7. O-O Nbd7 8. Nxd7 Qxd7 9. Nc3 Bd6 10. Bg5 Ne4
11. Nxe4 Bxe4 12. f3 Bg6 13. e4 dxe4 14. fxe4 O-O 15. e5 Be7 16. d5 Bxg5 17. dxc6 Qxd1 18. Raxd1 bxc6 19. Rd6 Be3+
0-1

[Event "BAGDAD I"]
[Site "SchemingMind.com"]
[Date "2022.04.05"]
[Round "-"]
[White "geekknight"]
[Black "Daniel Dubé"]
[Result "1-0"]
[WhiteCountry "NED"]
[BlackCountry "CAN"]
[WhiteElo "2002"]
[WhiteRD "91"]
[BlackElo "1492"]
[BlackRD "60"]
[GameID "722372"]

1. c4 e6 2. Nf3 d5 3. e3 c6 4. b3 f5 5. Ba3 Bxa3 6. Nxa3 Qe7 7. Qc1 Nf6 8. Be2 O-O 9. O-O b6 10. Ne5 Bb7
11. f4 Nbd7 12. Nxd7 Qxd7 13. cxd5 exd5 14. Nc2 c5 15. d4 Ne4 16. dxc5 bxc5 17. Rd1 Qc6 18. Bf3 Rad8 19. Ne1 Qb6 20. Nd3 Rfe8
21. Kh1 d4 22. Bxe4 Rxe4 23. Qxc5 dxe3 24. Qxb6 Rxd3 25. Qxb7
1-0

[Event "BAGDAD I"]
[Site "SchemingMind.com"]
[Date "2022.04.05"]
[Round "-"]
[White "Daniel Dubé"]
[Black "ModernMonkey"]
[Result "0-1"]
[WhiteCountry "CAN"]
[BlackCountry "ENG"]
[WhiteElo "1492"]
[WhiteRD "60"]
[BlackElo "2165"]
[BlackRD "106"]
[GameID "722373"]

1. d4 Nf6 2. c4 c5 3. d5 b5 4. cxb5 a6 5. bxa6 g6 6. Nc3 Bxa6 7. e4 Bxf1 8. Kxf1 d6 9. Nf3 Nbd7 10. g3 Bg7
11. Kg2 O-O 12. a4 Qb6 13. Nb5 Qb7 14. Qe2 Rfb8 15. Ra3 Ne8 16. b3 Nc7 17. Nxc7 Qxc7 18. Bd2 Bb2 19. Ra2 Rxb3 20. Rb1 Qb7
21. Bh6 Bc3
0-1

[Event "BAGDAD I"]
[Site "SchemingMind.com"]
[Date "2022.04.05"]
[Round "-"]
[White "ModernMonkey"]
[Black "Daniel Dubé"]
[Result "1-0"]
[WhiteCountry "ENG"]
[BlackCountry "CAN"]
[WhiteElo "2165"]
[WhiteRD "106"]
[BlackElo "1492"]
[BlackRD "60"]
[GameID "722374"]

1. d4 e6 2. e4 d5 3. Nc3 Nf6 4. e5 Nfd7 5. f4 c5 6. Nf3 Nc6 7. Be3 cxd4 8. Nxd4 Nxd4 9. Bxd4 Bc5 10. Qd2 O-O
11. O-O-O Bxd4 12. Qxd4 Qb6 13. Nb5 Qxd4 14. Rxd4 a6 15. Nd6 b5 16. g4 f6 17. exf6 Nxf6 18. Rg1 Bd7 19. Nb7 Rab8 20. Nc5 Bc8
21. Nd3
1-0

[Event "BAGDAD I"]
[Site "SchemingMind.com"]
[Date "2022.04.04"]
[Round "-"]
[White "geekknight"]
[Black "ModernMonkey"]
[Result "1/2-1/2"]
[WhiteCountry "NED"]
[BlackCountry "ENG"]
[WhiteElo "2011"]
[WhiteRD "94"]
[BlackElo "2152"]
[BlackRD "103"]
[GameID "722375"]

1. c4 f5 2. g3 Nf6 3. Bg2 e6 4. Nf3 Be7 5. O-O O-O 6. Nc3 d6 7. d3 e5 8. b4 Qe8 9. e3 Nc6 10. b5 Nd8
11. a4 Ne6 12. d4 e4 13. Nd2 c5 14. Nb3 b6 15. a5 Rb8 16. axb6 axb6 17. Ra7 Rb7 18. Rxb7 Bxb7 19. Bb2 h5 20. h4 Ng4
21. Ne2 Bf6 22. Qd2 d5 23. dxc5 dxc4 24. Bxf6 Nxf6 25. Nbd4 Nxd4 26. Qxd4 Qxb5 27. cxb6 Qd5 28. Rc1 Rc8 29. Bh3 Qxd4 30. Nxd4 g6
31. Bf1 c3 32. Nb5 Nd7 33. Nd6 Rb8 34. Rxc3 Nxb6 35. Rb3 Bd5 36. Rb5 Bc6 37. Bc4+ Kf8 38. Rc5 Bd7 39. Bb5 Bxb5 40. Rxb5 Nd7
41. Rxb8+=
1/2-1/2

[Event "BAGDAD I"]
[Site "SchemingMind.com"]
[Date "2022.04.04"]
[Round "-"]
[White "ModernMonkey"]
[Black "geekknight"]
[Result "1-0"]
[WhiteCountry "ENG"]
[BlackCountry "NED"]
[WhiteElo "2165"]
[WhiteRD "106"]
[BlackElo "2002"]
[BlackRD "91"]
[GameID "722376"]

1. d4 d5 2. c4 c6 3. Nf3 Nf6 4. Nc3 dxc4 5. a4 Bf5 6. e3 e6 7. Bxc4 Bb4 8. O-O Nbd7 9. Qe2 Bg6 10. e4 O-O
11. Bd3 Bh5 12. e5 Nd5 13. Nxd5 cxd5 14. Qe3 Re8 15. Ng5 Bg6 16. Bxg6 fxg6 17. Qd3 Nf8 18. Be3 Rc8 19. h4 Be7 20. Rac1 h6
21. Nf3 Rxc1 22. Rxc1 Bxh4 23. Qb5 b6 24. Nxh4
1-0